Responses for show #6003 - Wednesday, October 20, 2010

Contestants

Tommy Jordan, a pastor from Sylvania, Arkansas

Megan Griffiths, a conservation technician from Omaha, Nebraska

Matt DeTura, a recent law school graduate from Washington, D.C. (whose 2-day cash winnings total $45,200)

Jeopardy! Round responses

VOLCANOES
WE'RE CUCKOO
20th CENTURY WOMEN
MORE THAN ONE MEANING
SEEMS LIKE LONG AGO
ONLY YESTERDAY
    $200 3
Iceland

Tommy
    $200 1
talons (or toes)

Matt
    $200 5
Marilyn Monroe

Megan
    $200 17
a crown

Megan
    $200 22
Mexico

Tommy
    $200 13
(Paul) McCartney

Tommy
    $400 4
Mt. Fuji

Megan
    $400 2
One Flew Over the Cuckoo's Nest

Tommy
    $400 6
Madeline Albright

Tommy
    $400 18
iron

Matt
    $400 23
beer

Megan
    $400 14
The Supremes

Tommy
    $1,000 7
Mt. St. Helens

Tommy
    $600 28
Spring

Matt
    $600 10
Christie Hefner

Triple Stumper
    $600 19
pitch

Tommy
    $600 24
(Matt: What is Jerusalem?)

Medina

MattMegan
    $600 15
Frank Sinatra

Tommy
    $800 8
Mt. Etna

Tommy
    $800 29
a pine cone

Matt
    $800 11
(Matt: Who is Morrison?)

Maya Angelou

MattMegan
    $800 20
a temple

Matt
    $800 25
Sri Lanka

Tommy
    $800 16
American Idol

Matt
    $1000 9
(Matt: What is Krakatoa?)

Mt. Pelée

MattTommy
    $1000 30
a cuckold

Megan
    $1000 12
O'Connor and Ginsburg

Matt
    $1000 21
founder

Matt
    $1000 26
a speechwriter

Triple Stumper
    $1000 27
Boyz II Men

Megan

Scores at the first commercial break (after clue 13):

Matt Megan Tommy
-$600 $1,400 $4,000

Scores at the end of the Jeopardy! Round:

Matt Megan Tommy
$3,200 $4,600 $6,600

Double Jeopardy! Round responses

THE PULITZER PRIZE FOR DRAMA
LAST MOVIES
LIZARDRY
NON-DON KNOTS
STATE / COLLEGES
"ERE"Y WORDS
    $400 21
(Eugene) O'Neill

Tommy
    $400 13
Spencer Tracy

Megan
    $400 9
the (dwarf) gecko

Matt
    $400 11
a square knot

Matt
    $400 6
(Megan: What is California?)

Massachusetts

MeganTommy
    $400 1
cashmere

Matt
    $800 22
William Inge

Triple Stumper
    $800 14
John Candy

Matt
    $800 10
walk on water

Triple Stumper
    $800 12
a figure-eight knot

Matt
    $800 7
New Hampshire

Triple Stumper
    $800 2
revere

Matt
    $1200 24
Roses

Triple Stumper
    $2,000 15
Bruce Lee

Matt
    $1200 27
(Matt: What is instinct?)
(Tommy: What is the ability to regrow limbs?)

to shed their tail

MattMeganTommy
    $1200 18
(Matt: What is a hitch bend?)

an anchor bend

Matt
Triple Stumper
    $1200 8
Pennsylvania

Matt
    $1200 3
Erewhon

Triple Stumper
    $1600 25
Rent

Matt
    $1600 16
Natalie Wood

Triple Stumper
    $1600 28
blood

Matt
    $1600 19
a timber hitch

Matt
    $1600 23
Georgia

Matt
    $3,000 4
(Matt: What is Windemere?)

Ellesmere Island

Matt
    $2000 26
The Teahouse of the August Moon

Triple Stumper
    $2000 17
Audrey Hepburn

Triple Stumper
    $2000 29
frilled

Triple Stumper
    $2000 20
a constrictor

Matt
    $2000 30
Florida

Tommy
    $2000 5
Erebus

Triple Stumper

Scores at the end of the Double Jeopardy! Round:

Matt Megan Tommy
$13,000 $5,800 $8,200

[wagering suggestions for these scores]

Final Jeopardy! Round responses

COUNTRY DEMOGRAPHICS
MeganWhat is China?
$3,000
TommyWhat is Japan?
$8,000
MattWhat (scribble) is China?
$3,401
China

Final scores:

Matt Megan Tommy
$16,401 $8,800 $200
3-day champion: $61,601 2nd place: $2,000 3rd place: $1,000

Game dynamics:

Coryat scores:

Matt Megan Tommy
$15,200 $5,800 $7,800
21 R
(including 1 DD),
6 W
(including 1 DD)
10 R,
1 W
15 R
(including 1 DD),
1 W

Combined Coryat: $28,800

The J! Archive is created by fans, for fans. The Jeopardy! game show and all elements thereof, including but not limited to copyright and trademark thereto, are the property of Jeopardy Productions, Inc. and are protected under law. This website is not affiliated with, sponsored by, or operated by Jeopardy Productions, Inc. Join the discussion at JBoard.tv.